• 首页
  • 本馆介绍
  • 公告通知
  • 最新文献
  • 馆藏检索
  • 电子资源
  • 读者导购
  • 参考咨询
  • 我的图书馆
  • 登录
  • 详细信息显示
  • 放入我的书架
  • 预约/预借图书
  • 作者相关作品
  • 分类相关作品
  • 丛书相关作品
  • 出版社相关作品

书目信息

  • 表格格式
  • 工作单格式
  • 卡片格式
题名:
红星照耀中国
    
 
作者: 斯诺 著 ;王涛 译
分册:  
出版信息: 武汉   长江文艺出版社  2018
页数: 356页
开本: 23cm
丛书名:
单 册:
中图分类: I712.55 , K269.406
科图分类:
主题词: 纪实文学--ji shi wen xue--美国--现代 , 陕北革命根据地--shan bei ge ming gen ju di--史料 , 中国工农红军--zhong guo gong nong gong jun--史料
电子资源:
ISBN: 978-7-5702-0478-6
000 01301nam0 2200313 45
001 012001009430
005 20140101173110.0
010    @a978-7-5702-0478-6@dCNY39.80
099    @aCAL 012019003719
100    @a20190105d2018 em y0chiy50 ea
101 1  @achi@ceng
102    @aCN@b420000
105    @aacf a 000zd
106    @ar
200 1  @a红星照耀中国@Ahong xing zhao yao zhong guo@d= Red star over China@e新译本@f(美) 埃德加·斯诺著@g王涛译@zeng
210    @a武汉@c长江文艺出版社@d2018
215    @a356页@c图, 肖像@d23cm
300    @a统编初中语文教材八年级(上)指定阅读
330    @a本书是西方记者对中国共产党和红军的第一部采访记录,也是新闻史和报告文学史上里程碑式的作品。书中不仅记载了大量有关中国红军和苏区,以及毛泽东等革命领导人的第一手资料,而且深入分析和探究了“红色中国”产生、发展的原因,对中国共产党和中国革命做出了客观的评价。
500 10 @aRed star over China@mChinese
606 0  @a纪实文学@Aji shi wen xue@y美国@z现代
606 0  @a陕北革命根据地@Ashan bei ge ming gen ju di@x史料
606 0  @a中国工农红军@Azhong guo gong nong gong jun@x史料
690    @aI712.55@v5
690    @aK269.406@v5
701  1 @a斯诺@Asi nuo@g(Snow, Edgar),@f1905-1972@4著
702  0 @a王涛@Awang tao@4译
801  0 @aCN@b上海新华@c20191020
905    @b1188157-60@dI712.55@e1246@f4
    
    红星照耀中国= Red star over China:新译本/(美) 埃德加·斯诺著/王涛译.-武汉:长江文艺出版社,2018
    356页:图, 肖像;23cm
    统编初中语文教材八年级(上)指定阅读
    
    ISBN 978-7-5702-0478-6:CNY39.80
    本书是西方记者对中国共产党和红军的第一部采访记录,也是新闻史和报告文学史上里程碑式的作品。书中不仅记载了大量有关中国红军和苏区,以及毛泽东等革命领导人的第一手资料,而且深入分析和探究了“红色中国”产生、发展的原因,对中国共产党和中国革命做出了客观的评价。
●
相关链接 在E读中查询图书 在五车中查询图书 在当当中查询图书 在豆瓣中查询图书


正题名:红星照耀中国     索取号:I712.55/1246         预约/预借

序号 登录号 条形码 馆藏地/架位号 状态 备注
1 1188157   211881579   第一样本阅览室/ [索取号:I712.55/1246] 在馆    
2 1188158   211881588   第二借阅区/ [索取号:I712.55/1246] 已借出,限还日期为2026.03.17
借出人:刘建明  
 
3 1188159   211881597   第二借阅区/ [索取号:I712.55/1246] 在馆    
4 1188160   211881604   第二借阅区/ [索取号:I712.55/1246] 在馆    
唐山师范学院图书馆 欢迎您!
大连网信软件有限公司© 版权所有